Vysoké Tatry : Tatranský národný park /

Hlavní autor: Koštial, Vladimír, 1912-2001
Jazyk: Slovenština
Vydáno: Martin : Osveta, 1957
Vydání: 2. preprac. vyd.
Fyzický popis: [13] s., [239] s. obr. príl.: il. ; 4°
Knihy
Uloženo v:
LEADER 00757nam a22002292a 4500
001 001921223
003 CZ BrMZK
005 20250113102038.0
007 ta
008 250113s1957 xo a er|||||||||||slo d
020 |q (Váz.) 
040 |a ABA001  |b cze  |c ABA001  |d ABA001 
100 1 |a Koštial, Vladimír,  |d 1912-2001  |7 ola2002146899  |4 aut 
245 1 0 |a Vysoké Tatry :  |b Tatranský národný park /  |c Vladimír Koštial 
250 |a 2. preprac. vyd. 
260 |a Martin :  |b Osveta,  |c 1957  |f (Severoslovenské tlač.) 
300 |a [13] s., [239] s. obr. príl.:  |b il. ;  |c 4° 
500 |a 15.400 výtl. 
910 |a BOA001  |b 4-0382.946 
990 |a BK 
991 |b 202501 
996 7 |b 2618770833  |c 4-0382.946  |l MZK  |r Sklad / do 24 hodin  |n 0  |w 001990674  |u 000010  |a 1  |e BOA001  |j MZK50  |s A